| 000 | 00795cam a2200253 4500 | ||
|---|---|---|---|
| 001 | 8183 | ||
| 005 | 20181127185322.0 | ||
| 008 | 000214s2000 enka b 001 0 eng c | ||
| 010 | _a 00024404 | ||
| 020 | _a0750638389 | ||
| 082 | 0 | 0 |
_a610.73/06/99 _221 |
| 100 | 1 | _aDuxbury, Joy. | |
| 245 | 1 | 0 |
_aDifficult patients / _cJoy Duxbury. |
| 260 |
_aOxford ; _aBoston : _bButterworth-Heinemann, _c2000. |
||
| 300 |
_aviii, 181 p. : _bill. ; _c22 cm. |
||
| 504 | _aIncludes bibliographical references (p. [171]-175) and index. | ||
| 650 | 0 | _aNurse and patient. | |
| 650 | 0 |
_aNursing _xPsychological aspects. |
|
| 650 | 0 |
_aSick _xPsychology. |
|
| 650 | 1 | 2 | _aNurse-Patient Relations. |
| 650 | 2 | 2 |
_aNursing Care _xmethods. |
| 650 | 2 | 2 |
_aPatients _xpsychology. |
| 999 |
_c7056 _d7056 |
||